LEADER 01023nam a2200241 i 4500 001 000000154089 003 CaOOAMICUS 005 20061010000000.0 008 061010s1952 it u000 u fre u 013 $a131435 040 $aSeMil$bita 100 1 $aFosca, François.$0(OLS)http://semarc/name/58428 245 13$aLe dix-huitième siècle :$bde Watteau a Tiepolo /$ctexte de François Fosca. 260 $aGenève :$bSkira,$ccopyr. 1952. 300 $a145 p. :$bill ;$c29 cm. 490 0 $aLes grands siècles de la peinture 500 $aContiene : Notices biographiques et bibliographiques. 650 4$aPittura - Sec. 18.$0(OLS)http://semarc/subject/30144 830 4$aLes grands siècles de la peinture.$0(OLS)http://semarc/title/21872 850 $aSeMil 852 $aSeMil$W1$xVenegono$y1$m5M IX 54$j105952$B105952$CSeMilBibl$Z2$F115185 $8I 996 $6245$aLe dix-huitième siècle :$bde Watteau a Tiepolo$9(OLS)http://semarc/title/225469 996 $6260$aGenève :$bSkira$9(OLS)http://semarc/publisher/34433 LEADER 01197nam a2200241 i 4500 001 000000065177 003 CaOOAMICUS 005 20040205000000.0 008 040205s1997 xxk u000 u eng u 013 $a36349 020 $a0-567-08518-X 040 $aSeMil$bita 245 10$aCommentary on Matthew, 19.-28. 300 $axviii, 789 p. 490 0 $aThe International Critical Commentary : on the Holy Scriptures of the Old and New Testaments. 650 4$aBibbia. Nuovo Testamento. Vangelo secondo Matteo - Commentari, studi, critica, interpretazioni.$0(OLS)http://semarc/subject/32 773 0 $aDavies, William David <1911-2001>$tCritical and exegetical commentary on the Gospel according to Saint Matthew.$dEdinburgh : T. & T. Clark, 1997.$gVolume3$w()508 830 4$aThe International Critical Commentary : on the Holy Scriptures of the Old and New Testaments.$0(OLS)http://semarc/title/97019 850 $aSeMil 852 $aSeMil$W1$xVenegono$y1$m2Z I 377/3$j228864$B31330$CSeMilBibl$Z2$F31333 $8I 961 $aAcquisto: Casa editrice 996 $6020$a0-567-08518-X$9(OLS)http://semarc/number/42381 996 $6245$aCommentary on Matthew, 19.-28$9(OLS)http://semarc/title/103409